How fast Can you Type Germany - Statistics

General Stats
  • This quiz has been taken 132 times
  • The average score is 31 of 35
Answer Stats
Type Answer % Correct
G G
100%
E E
98%
M M
98%
R R
98%
A A
96%
N N
95%
Y Y
95%
A A
91%
E E
91%
G G
91%
M M
91%
R R
91%
N N
90%
Y Y
90%
A A
89%
E E
89%
G G
89%
M M
89%
N N
89%
R R
89%
Y Y
89%
E E
87%
G G
87%
M M
87%
R R
87%
A A
86%
N N
86%
Y Y
86%
G G
85%
E E
84%
R R
84%
M M
81%
A A
80%
N N
80%
Y Y
79%
No matching quizzes found
Score Distribution
Percent of People with Each Score
Percentile by Number Answered
Your Score History
You have not taken this quiz